000 00298nam a22001337a 4500
003 SGT
082 _a616.89, N12B
100 _aBAUMEISTER, ROY F.
245 _aNEW DIRECTIONS IN SOCIAL PSYCHOLOGY
260 _aNEW DELHI
_bSAGE
_c2012
300 _a487
650 _aPSYCHOLOGY
942 _2ddc
_cBK
999 _c9203
_d9203